Veterans' preference : data on employment of veterans : report to the Chairman, Committee on Veterans' Affairs, House of Representatives.

Bibliographic Details
Corporate Author: United States. General Accounting Office
Format: Government Document Microform Book
Language:English
Published: Washington, D.C. (P.O. Box 37050, Washington 20013) : U.S. General Accounting Office, [1996]
Subjects:
Online Access:Adobe Acrobat Reader required

MARC

Tag First Indicator Second Indicator Subfields
LEADER 00000cam a2200000 a 4500
001 in00001403569
007 he bmb024bbca
008 970728s1996 dcua bb f000 0 eng c
005 20230331145545.7
035 |a (OCoLC)ocm37364858 
035 |9 AHM3147AM 
035 |a in00001403569 
037 |a 155771  |b GAO (202) 512-6000 (Voice); (202) 512-6061 (Fax); (202) 512-2537 (TDD)  |f paper copy 
040 |a GPO  |c GPO  |d MvI  |d UtOrBLW 
042 |a pcc 
043 |a n-us--- 
049 |a UMIC 
049 |a WWW 
074 |a 0546-D (MF) 
074 |a 0546-D (online) 
086 0 |a GA 1.13:GGD-96-13 
088 |a GAO/GGD-96-13 
088 |a B-265702 
110 1 |a United States.  |b General Accounting Office. 
245 1 0 |a Veterans' preference :  |b data on employment of veterans : report to the Chairman, Committee on Veterans' Affairs, House of Representatives. 
246 3 0 |a Data on employment of veterans 
264 1 |a Washington, D.C. (P.O. Box 37050, Washington 20013) :  |b U.S. General Accounting Office,  |c [1996] 
300 |a 18 pages :  |b illustrations ;  |c 28 cm. 
336 |a text  |b txt  |2 rdacontent 
337 |a microform  |b h  |2 rdamedia 
338 |a microfiche  |b he  |2 rdacarrier 
500 |a Cover title. 
500 |a Shipping list number: 97-0673-M. 
500 |a "February 1996." 
500 |a Date on microfiche header incorrect. 
500 |a Distributed to depository libraries in microfiche. 
504 |a Includes bibliographical references. 
500 |a "GAO/GGD-96-13." 
500 |a "B-265702"--P. 1. 
533 |a Microfiche.  |b [Washington, D.C.] :  |c U.S. General Accounting Office,  |d [1996?]  |e 1 microfiche : negative. 
530 |a Also available via Internet from the GPO Access web site. Address as of 09/19/2002: http://frwebgate.access.gpo.gov/cgi-bin/getdoc.cgi?dbname=gao&docid=f:gg96013.pdf; current access is available via PURL. 
500 |a Microform. 
650 0 |a Civil service  |x Veterans' preference  |z United States. 
610 1 0 |a United States.  |b Office of Personnel Management. 
650 0 |a Women  |x Employment  |z United States. 
650 0 |a Minorities  |x Employment  |z United States. 
856 4 1 |u https://purl.fdlp.gov/GPO/LPS22374  |z Adobe Acrobat Reader required  |t 0 
999 |a MARS 
999 f f |i 43676b47-4843-390c-9515-d83d4dd553ee  |s 5e8a2a7a-27ab-3b5e-9fa1-7b1c02060fd5  |t 0 
952 f f |p normal  |a Texas A&M University  |b College Station  |c Sterling C. Evans Library  |d Evans: US Documents Microfiche (3rd floor)  |t 0  |e GA 1.13:GGD-96-13  |h Superintendent of Documents classification  |i microform -- microfiche  |m A14821268351 
952 f f |a Texas A&M University  |b College Station  |c Electronic Resources  |d Available Online  |t 0  |e GA 1.13:GGD-96-13  |h Superintendent of Documents classification 
998 f f |a GA 1.13:GGD-96-13  |t 0  |l Evans: US Documents Microfiche (3rd floor) 
998 f f |a GA 1.13:GGD-96-13  |t 0  |l Available Online